[Event "GER-ch Net Amateur Gr-B Vor1"]
[Site "Playchess.com INT"]
[Date "2020.04.14"]
[Round "1"]
[White "Fock, Amina"]
[Black "Haack, Stefan"]
[Result "1-0"]
[WhiteElo "1544"]
[BlackElo "1654"]
[PlyCount "93"]
[EventDate "2020.04.14"]
[EventType "swiss (blitz)"]
[EventRounds "9"]
[EventCountry "GER"]
[SourceTitle "EXT 2021"]
[Source "ChessBase"]
[SourceDate "2020.10.23"]
[SourceVersion "1"]
[SourceVersionDate "2020.10.23"]
[SourceQuality "1"]

1. e4 e5 2. Nf3 Nc6 3. Bb5 a6 4. Ba4 b5 5. Bb3 Be7 6. c3 Nf6 7. d3 0-0 8. 0-0 d6 9. Re1 h6 10. Nbd2 Nh7 11. Nf1 Ng5 12. h3 Na5 13. Bc2 c5 14. Ng3 Nxf3+ 15. Qxf3 Nc6 16. Nf5 Bxf5 17. exf5 d5 18. Qg3 Bg5 19. f4 exf4 20. Bxf4 Bxf4 21. Qxf4 Qg5 22. Qf3 Rad8 23. Re2 Ne7 24. d4 c4 25. a4 Nc6 26. axb5 axb5 27. Ra6 Rd6 28. Qf1 Rfd8 29. Qe1 Kf8 30. Kh1 b4 31. Ba4 bxc3 32. Rxc6 Rxc6 33. Bxc6 g6 34. fxg6 Qxg6 35. Re8+ Rxe8 36. Qxe8+ Kg7 37. Qe5+ Kf8 38. Qe8+ Kg7 39. bxc3 Qb1+ 40. Kh2 Qc2 41. Bxd5 Qf5 42. Bxc4 Qf4+ 43. Kg1 Qc1+ 44. Kf2 Qf4+ 45. Ke2 Qf5 46. Qxf7+ Qxf7 47. Bxf7 1-0

[Event "GER-ch Net Amateur Gr-B Vor1"]
[Site "Playchess.com INT"]
[Date "2020.04.14"]
[Round "4"]
[White "Friemel, Reinhard"]
[Black "Fock, Amina"]
[Result "1-0"]
[WhiteElo "1595"]
[BlackElo "1633"]
[PlyCount "69"]
[EventDate "2020.04.14"]
[EventType "swiss (blitz)"]
[EventRounds "9"]
[EventCountry "GER"]
[SourceTitle "EXT 2021"]
[Source "ChessBase"]
[SourceDate "2020.10.23"]
[SourceVersion "1"]
[SourceVersionDate "2020.10.23"]
[SourceQuality "1"]

1. e4 c5 2. c4 Nc6 3. Nc3 g6 4. g3 Bg7 5. Bg2 e5 6. Nge2 Nge7 7. d3 0-0 8. 0-0 f5 9. f4 d6 10. h3 Nd4 11. Nxd4 cxd4 12. Ne2 a5 13. a3 a4 14. Bd2 Nc6 15. b4 axb3 16. Qxb3 fxe4 17. dxe4 Na5 18. Bxa5 Qxa5 19. c5+ Kh8 20. cxd6 exf4 21. Rad1 Qc5 22. Nxf4 Qxd6 23. Rd3 Be5 24. Rdf3 Bxf4 25. Rxf4 Rxf4 26. Rxf4 Rxa3 27. Qf7 Rc3 28. e5 Qc5 29. Qf6+ Kg8 30. Qd8+ Kg7 31. Kh2 g5 32. Qxg5+ Kh8 33. Qf6+ Kg8 34. Qf7+ Kh8 35. Rh4 1-0

[Event "GER-ch Net Amateur Gr-B Vor1"]
[Site "Playchess.com INT"]
[Date "2020.04.14"]
[Round "5"]
[White "Sauer, Tim"]
[Black "Fock, Amina"]
[Result "1-0"]
[WhiteElo "1724"]
[BlackElo "1562"]
[PlyCount "105"]
[EventDate "2020.04.14"]
[EventType "swiss (blitz)"]
[EventRounds "9"]
[EventCountry "GER"]
[SourceTitle "EXT 2021"]
[Source "ChessBase"]
[SourceDate "2020.10.23"]
[SourceVersion "1"]
[SourceVersionDate "2020.10.23"]
[SourceQuality "1"]

1. c4 Nf6 2. Nc3 c5 3. g3 d5 4. cxd5 Nxd5 5. Bg2 Nc7 6. d3 Nc6 7. Nf3 e5 8. 0-0 f6 9. Be3 Be6 10. Rc1 Rb8 11. Ne4 b6 12. a3 Qd7 13. Nc3 Be7 14. Nd2 Nd4 15. Bxd4 exd4 16. Ncb1 0-0 17. Qc2 Nd5 18. Ne4 f5 19. Ned2 f4 20. Nc4 Bh3 21. Ne5 Qe6 22. Bxh3 Qxh3 23. Nc6 Rb7 24. Nxe7+ Nxe7 25. Qc4+ Kh8 26. Nd2 Ng6 27. Ne4 fxg3 28. fxg3 Qc8 29. Rxf8+ Qxf8 30. Rf1 Qe7 31. Qd5 Rd7 32. Qa8+ Rd8 33. Qc6 Ne5 34. Qb5 h6 35. Qb3 Rf8 36. Rxf8+ Qxf8 37. Qe6 Nf7 38. Qd7 a6 39. Qb7 b5 40. Qxa6 Ne5 41. Qxb5 Ng4 42. Qc6 Ne3 43. Nf2 Kh7 44. a4 h5 45. Qe4+ g6 46. a5 Qd8 47. Qb7+ Kh6 48. a6 Nd5 49. a7 Nc7 50. Ne4 Na8 51. Nxc5 Qf8 52. Ne6 Qe8 53. Qg7# 1-0

[Event "GER-ch Net Amateur Gr-B Vor1"]
[Site "Playchess.com INT"]
[Date "2020.04.14"]
[Round "8"]
[White "Sondermann, Dirk"]
[Black "Fock, Amina"]
[Result "0-1"]
[WhiteElo "1676"]
[BlackElo "1556"]
[PlyCount "78"]
[EventDate "2020.04.14"]
[EventType "swiss (blitz)"]
[EventRounds "9"]
[EventCountry "GER"]
[SourceTitle "EXT 2021"]
[Source "ChessBase"]
[SourceDate "2020.10.23"]
[SourceVersion "1"]
[SourceVersionDate "2020.10.23"]
[SourceQuality "1"]

1. d4 Nf6 2. Nf3 e6 3. c4 b6 4. a3 Bb7 5. g3 c5 6. dxc5 Bxc5 7. Bg2 0-0 8. 0-0 Nc6 9. Nc3 Be7 10. Bf4 Na5 11. Ne5 Bxg2 12. Kxg2 d5 13. cxd5 Nxd5 14. Nxd5 Qxd5+ 15. Qxd5 exd5 16. b4 Nb3 17. Rad1 a5 18. Nc6 Bf6 19. Rxd5 axb4 20. axb4 Rac8 21. b5 Nc5 22. Bd6 Rfe8 23. Bxc5 bxc5 24. e3 c4 25. Rc1 c3 26. Rc2 g6 27. Nd4 Bxd4 28. Rxd4 Rc5 29. Rb4 Rb8 30. b6 Rc6 31. Kf3 Rcxb6 32. Rxb6 Rxb6 33. Rxc3 Rf6+ 34. Ke4 Rxf2 35. h4 Kg7 36. Rc6 f5+ 37. Ke5 Rf3 38. e4 fxe4 39. Kxe4 Rxg3 0-1

[Event "GER-chT U20 Girls"]
[Site "Braunschweig"]
[Date "2019.12.30"]
[Round "7.7"]
[White "Rempe, Mieke"]
[Black "Fock, Amina"]
[Result "0-1"]
[WhiteElo "1619"]
[BlackElo "1807"]
[PlyCount "72"]
[EventDate "2019.12.27"]
[EventType "team-swiss"]
[EventRounds "7"]
[EventCountry "GER"]
[SourceTitle "CBM 194 Extra"]
[Source "ChessBase"]
[SourceDate "2020.03.31"]
[SourceVersion "1"]
[SourceVersionDate "2020.03.31"]
[SourceQuality "1"]
[WhiteTeam "Kiel Doppelbauer"]
[BlackTeam "Nordhorn Blanke"]
[WhiteTeamCountry "GER"]
[BlackTeamCountry "GER"]

1. e4 c5 2. Nf3 d6 3. d4 cxd4 4. Nxd4 Nf6 5. Nc3 a6 6. Be3 e5 7. Nf3 Be7 8. Qd2 Ng4 9. Nd5 Nxe3 10. Qxe3 Nd7 11. 0-0-0 Nc5 12. Nxe5 dxe5 13. Nf6+ gxf6 14. Rxd8+ Kxd8 15. Bc4 Be6 16. Rd1+ Kc7 17. Bxe6 fxe6 18. Qc3 a5 19. g4 b5 20. f3 b4 21. Qc4 Kb6 22. a4 bxa3 23. bxa3 a4 24. Qb4+ Kc6 25. Qc4 Rhb8 26. Rd3 Rb5 27. Rc3 Kb6 28. Qe2 Rc8 29. Rc4 Rd8 30. Qe3 Kb7 31. Qh6 Nb3+ 32. cxb3 Bxa3+ 33. Kc2 axb3+ 34. Kc3 Rd7 35. Qh3 b2 36. Qf1 b1Q 0-1

[Event "GER-chT U20 Girls"]
[Site "Braunschweig"]
[Date "2019.12.28"]
[Round "3.4"]
[White "Joers, Pia Milena"]
[Black "Fock, Amina"]
[Result "0-1"]
[WhiteElo "1646"]
[BlackElo "1807"]
[PlyCount "78"]
[EventDate "2019.12.27"]
[EventType "team-swiss"]
[EventRounds "7"]
[EventCountry "GER"]
[SourceTitle "CBM 194 Extra"]
[Source "ChessBase"]
[SourceDate "2020.03.31"]
[SourceVersion "1"]
[SourceVersionDate "2020.03.31"]
[SourceQuality "1"]
[WhiteTeam "Guestrow/Teterow"]
[BlackTeam "Nordhorn Blanke"]
[WhiteTeamCountry "GER"]
[BlackTeamCountry "GER"]

1. d4 Nf6 2. Nf3 e6 3. Bf4 d5 4. e3 c5 5. c3 Nc6 6. Nbd2 Be7 7. h3 0-0 8. Bd3 b6 9. 0-0 Bb7 10. Ne5 a5 11. Ndf3 Ne4 12. Bb5 Qc8 13. Qa4 Na7 14. Be2 Rd8 15. Qb3 f6 16. Ng4 h5 17. Nxf6+ gxf6 18. Qxb6 Bd6 19. Bxd6 Rxd6 20. Qb3 c4 21. Qc2 Rc6 22. Nh2 Qe8 23. Rfc1 Nc8 24. Nf1 f5 25. Bd1 Ncd6 26. Qe2 Rb6 27. Rab1 h4 28. f3 Ng3 29. Qe1 Qg6 30. Kh2 f4 31. exf4 Nxf1+ 32. Qxf1 Qg3+ 33. Kh1 Nf5 34. Qe2 Qxf4 35. Kg1 Kf7 36. Bc2 Ne3 37. Ba4 Rg8 38. Kh1 Nxg2 39. Rg1 Qf5 0-1